000 00376nam a22001697a 4500
999 _c10670
_d10670
003 OSt
008 210614b ||||| |||| 00| 0 eng d
020 _a9781259006197
082 _a621.43 GAI
100 _aGANESAN,V
245 _aInternal Combustiojn engines
250 _a4TH
260 _aNew Delhi
_bTMH
_c2016
300 _a730
650 _aDE
_93
942 _2ddc
_cBK